| 000 | 00845nam a22002177a 4500 | ||
|---|---|---|---|
| 003 | BUBTL | ||
| 008 | 211214b ||||| |||| 00| 0 eng d | ||
| 020 | _a9789849148678 | ||
| 082 | _a954.925/ Sh198s/ 2015 | ||
| 100 |
_94471 _aশান্তুনু, হাসান |
||
| 245 |
_aসাংবাদিক বঙ্গবন্ধু / _cহাসান শান্তুনু |
||
| 250 | _a1st Edn. | ||
| 260 |
_aঢাকা: _bপ্রকৃতি, _cc2015 |
||
| 300 |
_a80 p.: _c22 cm. |
||
| 505 | _aসাংবাদিক বঙ্গবন্ধু, সাংবাদিক, বঙ্গবন্ধু, হাসান শান্তুনু | ||
| 650 | 0 |
_93573 _aবঙ্গবন্ধু |
|
| 650 | 0 |
_94372 _aBangabandhu |
|
| 856 |
_k0 _l0 _yDownload |
||
| 942 |
_2ddc _cBK |
||
| 999 |
_c6620 _d6620 |
||